[Event "Wch Blitz"]
[Site "Samarkand"]
[Date "2023.12.29"]
[Round "2"]
[White "Anton Guijarro, David"]
[Black "Zilka, Stepan"]
[Result "1-0"]
[WhiteElo "2670"]
[BlackElo "2615"]
[PlyCount "51"]
[EventDate "2023.12.29"]
[EventType "swiss (blitz)"]
[EventRounds "21"]
[EventCountry "UZB"]
[SourceTitle "CB01_2024"]
[SourceDate "2024.01.03"]
[SourceVersion "1"]
[SourceVersionDate "2024.01.03"]
[SourceQuality "1"]

1. e4 e5 2. Nf3 Nc6 3. Bc4 Nf6 4. Ng5 d5 5. exd5 Na5 6. Bb5+ c6 7. dxc6 bxc6 8. Bd3 Nd5 9. Nf3 Nf4 10. Bf1 e4 11. d3 exf3 12. Bxf4 Qd4 13. Qxf3 Qxb2 14. Qe3+ Be6 15. Qe5 Bb4+ 16. Kd1 Nc4 17. dxc4 Rd8+ 18. Bd3 Rxd3+ 19. cxd3 Qxf2 20. Qb8+ Ke7 21. Qc7+ Ke8 22. Nd2 Qd4 23. Rb1 Bg4+ 24. Ke1 Qxd3 25. Qe5+ Kd7 26. Rxb4 1-0

[Event "Wch Blitz"]
[Site "Samarkand"]
[Date "2023.12.29"]
[Round "6"]
[White "Pingin, Artem"]
[Black "Zilka, Stepan"]
[Result "1/2-1/2"]
[WhiteElo "2419"]
[BlackElo "2615"]
[PlyCount "129"]
[EventDate "2023.12.29"]
[EventType "swiss (blitz)"]
[EventRounds "21"]
[EventCountry "UZB"]
[SourceTitle "CB01_2024"]
[SourceDate "2024.01.03"]
[SourceVersion "1"]
[SourceVersionDate "2024.01.03"]
[SourceQuality "1"]

1. e4 e5 2. Nf3 Nc6 3. Bb5 Nf6 4. d3 Bc5 5. Bxc6 dxc6 6. Nbd2 Nd7 7. Nc4 f6 8. 0-0 Nf8 9. Nh4 Be6 10. Be3 Bb6 11. b3 Ng6 12. Qh5 Bf7 13. Nf5 0-0 14. Qh3 Ne7 15. Nh4 Qc8 16. Qg3 Kh8 17. a4 g5 18. Nf3 Ng6 19. a5 Nf4 20. Kh1 Nh5 21. Qh3 g4 22. Qh4 Bxe3 23. Nfxe5 fxe5 24. fxe3 Qe8 25. Rf5 Bxc4 26. Rxh5 Bg8 27. Qxg4 Qe6 28. Qg3 Rae8 29. Rg1 Rf6 30. h3 Rg6 31. Qh4 Qf6 32. Qe1 Be6 33. Rf1 Qg7 34. Rf2 Rg8 35. Qf1 Rg3 36. Kh2 Rxe3 37. Rf6 Rg3 38. Rf2 Bf7 39. Rhf5 Be6 40. Rh5 Rg5 41. Rh4 Qe7 42. Kh1 Rxg2 43. Rxg2 Qxh4 44. Rxg8+ Kxg8 45. Qg1+ Kf7 46. Qxa7 Qxh3+ 47. Kg1 Qg3+ 48. Kf1 Qf3+ 49. Ke1 Bg4 50. Kd2 Qe2+ 51. Kc3 Qe1+ 52. Kb2 Qb4 53. Qf2+ Kg6 54. Qg3 Qd4+ 55. c3 Qd7 56. Qxe5 Qxd3 57. Qe8+ Kg5 58. Qe7+ Kf4 59. Qxc7+ Kf3 60. Qxb7 Qd2+ 61. Ka3 Qxc3 62. a6 Qa5+ 63. Kb2 Qd2+ 64. Ka3 Qa5+ 65. Kb2 1/2-1/2

[Event "Wch Rapid"]
[Site "Samarkand"]
[Date "2023.12.28"]
[Round "13"]
[White "Paravyan, David"]
[Black "Zilka, Stepan"]
[Result "1-0"]
[WhiteElo "2612"]
[BlackElo "2615"]
[PlyCount "75"]
[EventDate "2023.12.26"]
[EventType "swiss (rapid)"]
[EventRounds "13"]
[EventCountry "UZB"]
[SourceTitle "CB01_2024"]
[SourceDate "2024.01.03"]
[SourceVersion "1"]
[SourceVersionDate "2024.01.03"]
[SourceQuality "1"]

1. e4 c5 2. Nf3 d6 3. d4 cxd4 4. Nxd4 Nf6 5. Nc3 a6 6. Bg5 e6 7. f4 Qb6 8. Qd2 Qxb2 9. Rb1 Qa3 10. f5 Nc6 11. fxe6 fxe6 12. Nxc6 bxc6 13. Be2 Be7 14. e5 dxe5 15. Bxf6 Bxf6 16. Bh5+ g6 17. Ne4 0-0 18. 0-0 Bg7 19. Rxf8+ Qxf8 20. Bg4 a5 21. h4 h6 22. Qc3 c5 23. Qc4 Qd8 24. Bxe6+ Bxe6 25. Qxe6+ Kh7 26. Qg4 Qc8 27. Qxc8 Rxc8 28. Kf2 Kg8 29. Rb6 g5 30. hxg5 hxg5 31. Ke2 g4 32. a4 Rd8 33. c3 c4 34. Rb5 Kf7 35. Rxa5 Ke6 36. Ra6+ Kf5 37. Nd6+ Kg5 38. Nf7+ 1-0

[Event "CZE-chT 2324"]
[Site "Czech Republic"]
[Date "2023.10.15"]
[Round "2.4"]
[White "Hrbek, Stepan"]
[Black "Zilka, Stepan"]
[Result "0-1"]
[WhiteElo "2425"]
[BlackElo "2599"]
[PlyCount "124"]
[EventDate "2023.10.14"]
[EventType "team-tourn"]
[EventRounds "11"]
[EventCountry "CZE"]
[SourceTitle "Mega2024 Update 01"]
[Source "Chessbase"]
[SourceDate "2023.11.12"]
[SourceVersion "1"]
[SourceVersionDate "2023.11.12"]
[SourceQuality "1"]
[WhiteTeam "Hostalkova"]
[BlackTeam "Novoborsky"]
[WhiteTeamCountry "CZE"]
[BlackTeamCountry "CZE"]

1. e4 c5 2. Nf3 d6 3. d4 cxd4 4. Nxd4 Nf6 5. Nc3 g6 6. Be3 Bg7 7. f3 0-0 8. Qd2 Nc6 9. 0-0-0 d5 10. Kb1 Nxd4 11. e5 Nf5 12. exf6 exf6 13. Bc5 d4 14. Bxf8 Qxf8 15. Nb5 Ne3 16. Re1 f5 17. Nxd4 f4 18. g3 Qd6 19. Nb3 Qf6 20. Qc1 Bf5 21. Bd3 Bxd3 22. cxd3 Qf5 23. Rxe3 fxe3 24. Qxe3 a5 25. Nd2 Rd8 26. Ne4 Qb5 27. d4 Rxd4 28. Nc3 Qf5+ 29. Kc1 Rd8 30. Rd1 Rc8 31. g4 Qe5 32. Qd2 Qc5 33. Kb1 Bxc3 34. bxc3 Qxc3 35. Qd3 Qb4+ 36. Ka1 Qf4 37. h4 Rc4 38. a3 b5 39. h5 Kg7 40. Qd5 Rc3 41. Kb2 b4 42. Rh1 Rc8 43. h6+ Kf8 44. a4 Qf6+ 45. Kb1 Qc3 46. Qd6+ Kg8 47. Rd1 Qc2+ 48. Ka1 Qxa4+ 49. Kb1 Qc2+ 50. Ka1 Qc3+ 51. Kb1 Re8 52. Qd8 Rf8 53. Rd3 Qe1+ 54. Kb2 Qe5+ 55. Kb3 Qc3+ 56. Ka4 Qa1+ 57. Kb3 a4+ 58. Kc4 a3 59. Qg5 Qa2+ 60. Kb5 Qe2 61. Qd2 Qxd2 62. Rxd2 b3 0-1

[Event "POL-chT Ekstraliga"]
[Site "Lublin"]
[Date "2023.09.22"]
[Round "5.3"]
[White "Szpar, Milosz"]
[Black "Zilka, Stepan"]
[Result "1/2-1/2"]
[WhiteElo "2477"]
[BlackElo "2600"]
[PlyCount "61"]
[EventDate "2023.09.18"]
[EventType "team-tourn"]
[EventRounds "9"]
[EventCountry "POL"]
[SourceTitle "EXT 2024"]
[Source "ChessBase"]
[SourceDate "2023.10.10"]
[SourceVersion "1"]
[SourceVersionDate "2023.10.10"]
[SourceQuality "1"]
[WhiteTeam "Krakow Dwie Wieze"]
[BlackTeam "Pegow Wieza"]
[WhiteTeamCountry "POL"]
[BlackTeamCountry "POL"]

1. Nf3 d5 2. e3 Nf6 3. c4 e6 4. b3 Be7 5. Bb2 0-0 6. Nc3 c5 7. cxd5 Nxd5 8. a3 b6 9. Nxd5 exd5 10. d4 Bf5 11. Bd3 Bxd3 12. Qxd3 Nc6 13. 0-0 Bf6 14. Bc3 cxd4 15. Nxd4 Nxd4 16. Bxd4 Bxd4 17. Qxd4 Qd6 18. Rfd1 Rfd8 19. e4 Rac8 20. g3 Kf8 21. Rd3 Qc5 22. Qxc5+ Rxc5 23. b4 Rc4 24. exd5 Ke7 25. Re1+ Kd6 26. Kg2 Rdc8 27. Ree3 R8c7 28. Re8 Rc8 29. Ree3 R8c7 30. Kf3 a5 31. bxa5 1/2-1/2

[Event "POL-chT Ekstraliga"]
[Site "Lublin"]
[Date "2023.09.20"]
[Round "3.2"]
[White "Piorun, Kacper"]
[Black "Zilka, Stepan"]
[Result "1/2-1/2"]
[WhiteElo "2594"]
[BlackElo "2600"]
[PlyCount "102"]
[EventDate "2023.09.18"]
[EventType "team-tourn"]
[EventRounds "9"]
[EventCountry "POL"]
[SourceTitle "EXT 2024"]
[Source "ChessBase"]
[SourceDate "2023.10.10"]
[SourceVersion "1"]
[SourceVersionDate "2023.10.10"]
[SourceQuality "1"]
[WhiteTeam "Katowice Wasko"]
[BlackTeam "Pegow Wieza"]
[WhiteTeamCountry "POL"]
[BlackTeamCountry "POL"]

1. e4 e5 2. Nf3 Nc6 3. Bb5 a6 4. Ba4 Nf6 5. 0-0 Nxe4 6. d4 Be7 7. Re1 b5 8. Bb3 d5 9. dxe5 Be6 10. c3 Na5 11. Bc2 c5 12. Nbd2 Nxd2 13. Qxd2 Nc6 14. Qf4 h6 15. a4 g5 16. Qe3 d4 17. cxd4 cxd4 18. Qe2 Nb4 19. Bd3 bxa4 20. Bd2 Rb8 21. Rxa4 Qd7 22. Rea1 Nxd3 23. Qxd3 Rxb2 24. Nxd4 0-0 25. Bc3 Rb6 26. h4 Rc8 27. Qg3 Rc4 28. Rxc4 Bxc4 29. hxg5 hxg5 30. Rc1 Rh6 31. Bb4 Qxd4 32. Bxe7 g4 33. Bg5 Rh5 34. Bf6 Be6 35. Rb1 Kh7 36. Qa3 Qe4 37. Rd1 Bd5 38. Qd3 Qxd3 39. Rxd3 Be6 40. Rd6 Bc4 41. Rd8 Be2 42. f3 gxf3 43. Rh8+ Kg6 44. Rg8+ Kh7 45. Rg7+ Kh6 46. g4 Rh1+ 47. Kf2 Rh2+ 48. Ke3 Rg2 49. Rg8 Kh7 50. Rg7+ Kh6 51. Rg8 Kh7 1/2-1/2

[Event "Mosty u Jablunkova op 20th"]
[Site "Mosty u Jablunkova"]
[Date "2023.05.27"]
[Round "4"]
[White "Nytra, Ondrej"]
[Black "Zilka, Stepan"]
[Result "1/2-1/2"]
[WhiteElo "2200"]
[BlackElo "2468"]
[PlyCount "92"]
[EventDate "2023.05.27"]
[EventType "swiss (rapid)"]
[EventRounds "9"]
[EventCountry "CZE"]
[SourceTitle "EXT 2024"]
[Source "ChessBase"]
[SourceDate "2023.10.10"]
[SourceVersion "1"]
[SourceVersionDate "2023.10.10"]
[SourceQuality "1"]

1. e4 e5 2. Nf3 Nc6 3. Bb5 Nf6 4. 0-0 Nxe4 5. Re1 Nd6 6. Bxc6 dxc6 7. Nxe5 Be7 8. d4 0-0 9. b3 Nf5 10. Bb2 Be6 11. Qd3 c5 12. c3 cxd4 13. cxd4 c5 14. dxc5 Qxd3 15. Nxd3 Rad8 16. Rd1 Nh4 17. Nc3 Bg4 18. f3 Bf5 19. Ne4 Ng6 20. b4 Be6 21. g3 Bc4 22. Ne5 Bd5 23. a4 f5 24. Nc3 Bb3 25. Nxg6 hxg6 26. Re1 Bf6 27. Ra3 Bc4 28. Bc1 Rd3 29. Nb1 Rfd8 30. Be3 Rd1 31. Kf2 Rxe1 32. Kxe1 Bb2 33. Bg5 Bxa3 34. Bxd8 Bxb4+ 35. Nd2 Bd5 36. f4 Bxc5 37. Ke2 Bc6 38. a5 Bb5+ 39. Kf3 Kf7 40. Nb3 Bc6+ 41. Ke2 Bg1 42. Kf1 Be3 43. Ke2 Bg1 44. Kf1 Ke8 45. Bc7 Bd5 46. Kxg1 Bxb3 1/2-1/2